លើកជើងឡើង / (Record no. 1653)
[ view plain ]
| 000 -LEADER | |
|---|---|
| fixed length control field | 01351nam a22003017a 4500 |
| 001 - CONTROL NUMBER | |
| control field | 1653 |
| 003 - CONTROL NUMBER IDENTIFIER | |
| control field | FISKH |
| 005 - DATE AND TIME OF LATEST TRANSACTION | |
| control field | 20230913105051.0 |
| 008 - FIXED-LENGTH DATA ELEMENTS--GENERAL INFORMATION | |
| fixed length control field | 230913b cb ||||| |||| 00| 0 khr d |
| 020 ## - INTERNATIONAL STANDARD BOOK NUMBER | |
| International Standard Book Number | 9789924341567 |
| 040 ## - CATALOGING SOURCE | |
| Original cataloging agency | FISKH |
| Language of cataloging | eng |
| Transcribing agency | FISKH |
| Modifying agency | FISKH |
| 082 ## - DEWEY DECIMAL CLASSIFICATION NUMBER | |
| Classification number | 398.2452 |
| 100 ## - MAIN ENTRY--PERSONAL NAME | |
| Personal name | Valckx, Catharina |
| 245 ## - TITLE STATEMENT | |
| Title | លើកជើងឡើង / |
| Statement of responsibility, etc. | និពន្ធ និងគូររូបដោយ កាតារីណា វាល់ - បកប្រែពីភាសាបារាំងដោយ អ៊ុំ វ័ណថារី |
| 260 ## - PUBLICATION, DISTRIBUTION, ETC. | |
| Place of publication, distribution, etc. | Paris : |
| Name of publisher, distributor, etc. | Sipar, |
| Date of publication, distribution, etc. | 2010. |
| 300 ## - PHYSICAL DESCRIPTION | |
| Extent | 35 pages : |
| Other physical details | color illustrations ; |
| Dimensions | 20 cm |
| 490 ## - SERIES STATEMENT | |
| Series statement | រឿងដំបូងៗ |
| 505 ## - FORMATTED CONTENTS NOTE | |
| Formatted contents note | K<br/> |
| 520 ## - SUMMARY, ETC. | |
| Summary, etc. | ឪពុកប៊ីលីជាអ្នកលេងដ៏ល្បី ហើយគាត់ចង់ឳ្យកូនដូចគាត់ដែរ។ តែប៊ីលីចិត្តពេកហើយ។ |
| 520 ## - SUMMARY, ETC. | |
| Summary, etc. | Billy's father is a famous player and he wants his son to be like him. But Billy is too kind. |
| 521 8# - TARGET AUDIENCE NOTE | |
| Target audience note | 510<br/> |
| Source | Lexile estimate<br/> |
| 521 8# - TARGET AUDIENCE NOTE | |
| Target audience note | K<br/> |
| Source | Raz-Plus<br/> |
| 650 ## - SUBJECT ADDED ENTRY--TOPICAL TERM | |
| Topical term or geographic name entry element | អ្នកលេង |
| Form subdivision | ចិត្តល្អណាស់ |
| 650 ## - SUBJECT ADDED ENTRY--TOPICAL TERM | |
| Topical term or geographic name entry element | Player |
| Form subdivision | too kind |
| 700 ## - ADDED ENTRY--PERSONAL NAME | |
| Personal name | Vanthary, Oum |
| Relator term | Translator |
| 700 ## - ADDED ENTRY--PERSONAL NAME | |
| Personal name | Valckx, Catharina |
| Relator term | illustrator |
| 942 ## - ADDED ENTRY ELEMENTS (KOHA) | |
| Source of classification or shelving scheme | Dewey Decimal Classification |
| Koha item type | Khmer Books |
| Suppress in OPAC | No |
| Withdrawn status | Lost status | Source of classification or shelving scheme | Damaged status | Not for loan | Collection | Home library | Current library | Shelving location | Date acquired | Total Checkouts | Full call number | Barcode | Date last seen | Date last checked out | Copy number | Price effective from | Koha item type |
|---|---|---|---|---|---|---|---|---|---|---|---|---|---|---|---|---|---|
| Dewey Decimal Classification | Khmer Language Books / សៀវភៅភាសាខ្មែរ | Footprints International School Library Network Toul Kork Campus | Footprints International School Library Network Toul Kork Campus | TK Campus, Room B402, Khmer Book Case 16, Shelves 112-123 / ទូរសៀវភៅខ្មែរលេខ ១៦ ធ្នើរ ១១២ ដល់ ១២៣ បន្ទប់ B402 សាខាទួលគោក | 09/13/2023 | 2 | CAT 398.2452 | 2023-0603 | 03/02/2026 | 02/02/2026 | 1 | 09/13/2023 | Khmer Books | ||||
| Dewey Decimal Classification | Khmer Language Books / សៀវភៅភាសាខ្មែរ | Footprints International School Library Network Toul Kork Campus | Footprints International School Library Network Toul Kork Campus | TK Campus, Room B402, Khmer Book Case 16, Shelves 112-123 / ទូរសៀវភៅខ្មែរលេខ ១៦ ធ្នើរ ១១២ ដល់ ១២៣ បន្ទប់ B402 សាខាទួលគោក | 09/13/2023 | 2 | CAT 398.2452 | 2023-0604 | 06/09/2025 | 12/03/2024 | 2 | 09/13/2023 | Khmer Books |
